عرب في أفغانستان / (رقم التسجيلة. 88055)

تفاصيل مارك
000 -LEADER
fixed length control field 00639nam a22002057a 4500
005 - DATE AND TIME OF LATEST TRANSACTION
control field 20251108172753.0
008 - FIXED-LENGTH DATA ELEMENTS--GENERAL INFORMATION
fixed length control field 250721s2001 xx 000 0 ara d
082 14 - DEWEY DECIMAL CLASSIFICATION NUMBER
Classification number 958.1/طوخ
100 1# - MAIN ENTRY--PERSONAL NAME
Personal name الطوخي، رشيد بن محمد
245 10 - TITLE STATEMENT
Title عرب في أفغانستان /
246 11 - VARYING FORM OF TITLE
Title proper/short title arab in a fghanstan
264 1# - PRODUCTION, PUBLICATION, DISTRIBUTION, MANUFACTURE, AND COPYRIGHT NOTICE
Place of production, publication, distribution, manufacture باريس :
Name of producer, publisher, distributor, manufacturer مؤسسة الوقائع للدراسات الإعلامية والنشر،
Date of production, publication, distribution, manufacture, or copyright notice 2001.
300 ## - PHYSICAL DESCRIPTION
Extent 70ص
490 0# - SERIES STATEMENT
Series statement سلسلة أبحاث الوقائع
Volume/sequential designation 4
650 17 - SUBJECT ADDED ENTRY--TOPICAL TERM
Topical term or geographic name as entry element التاريخ
650 17 - SUBJECT ADDED ENTRY--TOPICAL TERM
Topical term or geographic name as entry element افغانستان
650 17 - SUBJECT ADDED ENTRY--TOPICAL TERM
Topical term or geographic name as entry element الحروب
942 ## - ADDED ENTRY ELEMENTS (KOHA)
Source of classification or shelving scheme Dewey Decimal Classification
Koha item type كتب
المقتنيات
حالة السحب حالة الفقدان مصدر التصنيف حالة التلف غير قابل للإعارة المكتبة الرئيسية المكتبة الحالية موقع الرف تاريخ التزويد الرقم المتسلسل Total Checkouts رقم الإستدعاء الباركود تاريخ آخر ظهور تاريخ الفاتورة نوع المادة (كوها)
    Dewey Decimal Classification     مكتبة أم قصير والمقابلين العامة مكتبة أم قصير والمقابلين العامة الإعارة 28/07/2025 492685   958.1/طوخ 492685 28/07/2025 28/07/2025 كتب
    Dewey Decimal Classification     مكتبة حمزة العامة مكتبة حمزة العامة الإعارة 14/06/2015 492683   958.1/طوخ PLD00330964 28/07/2025 14/06/2015 كتب
Implemented & Customized by: BBB with SCIT (Smart Chains for Information Technology)

Powered by Koha